| 000 | 00425nam a2200145 a 4500 | ||
|---|---|---|---|
| 005 | 20140412111257.0 | ||
| 008 | 001110s19uu xx 00 eng d | ||
| 020 | _a0-590-00499-9 | ||
| 050 |
_aER _bBe41 |
||
| 100 | _aHardendorff, Jeanne B. | ||
| 245 |
_aThe bed just so / _cJeanne B. Hardendorff; pictures by Lisl Weil. |
||
| 260 |
_aNew York : _bScholastic Book Services, _c1975. |
||
| 300 | _a1 v. (unp.) | ||
| 999 |
_c103256 _d103256 |
||